000 00507pab a2200193 454500
008 180718b2010 xxu||||| |||| 00| 0 eng d
100 _aKaul, Sushila
245 _aImpact of urbanisation on agriculture production of India
260 _c2010
300 _ap.337-341.
362 _aSep
650 _aAgricultural production - India
650 _aUrbanization - India
650 _aUrbanization
700 _aGhasi Ram
773 _aAgricultural Situation in India
908 _aN
909 _a93573
999 _c93573
_d93573